Geometry I : basic ideas and concepts of differential geometry
Αποθηκεύτηκε σε:
| Άλλοι συγγραφείς: | |
|---|---|
| Μορφή: | Βιβλίο |
| Γλώσσα: | English Russian |
| Δημοσίευση: |
Berlin :
Springer-Verlag,
c1991.
|
| Σειρά: | Encyclopaedia of mathematical sciences ;
28 |
| Θέματα: | |
| Ετικέτες: |
Προσθήκη ετικέτας
Δεν υπάρχουν, Καταχωρήστε ετικέτα πρώτοι!
|
MARC
| LEADER | 00000cam a2200000 i 4500 | ||
|---|---|---|---|
| 001 | 1/31473 | ||
| 008 | 960726s1991 gw | ||| |||| ||eng|| | ||
| 020 | |a 3540519998 | ||
| 035 | |a 1995 |l 10038838 | ||
| 040 | |a GR-MY-UA |b gre |e aacr | ||
| 041 | 1 | |a eng |h rus | |
| 082 | 0 | |a 516.36 | |
| 245 | 1 | 0 | |a Geometry I : |b basic ideas and concepts of differential geometry / |c R.V. Gamkrelidze (ed.) |
| 246 | 3 | 3 | |a Geometry 1 |
| 246 | 3 | 3 | |a Geometry one |
| 246 | 3 | 3 | |a Basic ideas and concepts of differential geometry |
| 260 | |a Berlin : |b Springer-Verlag, |c c1991. | ||
| 300 | |a 264 σ. ; |c 24 εκ. | ||
| 490 | 1 | |a (Encyclopaedia of mathematical sciences |v ; 28) | |
| 500 | |a Τίτλος πρωτοτύπου: Geometriya 1 | ||
| 504 | |a Περιέχει βιβλιογραφικές αναφορές και ευρετήρια | ||
| 650 | 0 | 0 | |a Geometry, Differential. |
| 700 | 1 | |a Gamkrelidze, R. V. |e edt | |
| 830 | 0 | |a Encyclopaedia of mathematical sciences ; |v 28 | |
| 852 | |a INST |b SAMOS |e 19960726 |h 516.36 GEO |p 005300005224 |q 005300005224 |t BK |y 0 | ||
| 909 | |a Σ |b 039336 | ||